| Tag |
First Indicator |
Second Indicator |
Subfields |
| LEADER |
00000cam a22000001 4500 |
| 001 |
in00001410114 |
| 005 |
20151020060858.0 |
| 008 |
710629s1967 gw a b 000 0 eng |
| 010 |
|
|
|a 68102917
|
| 015 |
|
|
|a GDB67-A31-388
|
| 035 |
|
|
|a (OCoLC)00461989
|
| 035 |
|
|
|9 AHN8076AM
|
| 040 |
|
|
|a DLC
|c DLC
|d TXA
|d UtOrBLW
|
| 049 |
|
|
|a TXAM
|
| 050 |
0 |
0 |
|a QR1
|b .E6 vol. 40
|
| 082 |
0 |
0 |
|a 591.2
|
| 090 |
|
|
|a QR1
|b .E6 v.40
|
| 100 |
1 |
|
|a Brody, Jacob A.,
|d 1931-
|
| 245 |
1 |
0 |
|a Chronic infectious neuropathic agents (CHINA) and other slow virus infections /
|c Edited by Jacob A. Brody, Werner Henle [and] Hilary Koprowski. With 22 figures.
|
| 264 |
|
1 |
|a Berlin,
|b [publisher not identified] ;
|a New York, [etc.] : b Springer,
|c 1967.
|
| 300 |
|
|
|a 74 pages :
|b illustrations ;
|c 26 cm.
|
| 336 |
|
|
|a text
|b txt
|2 rdacontent
|
| 337 |
|
|
|a unmediated
|b n
|2 rdamedia
|
| 338 |
|
|
|a volume
|b nc
|2 rdacarrier
|
| 490 |
1 |
|
|a Current topics in microbiology and immunology ;
|v 40
|
| 504 |
|
|
|a Includes bibliographical references and index.
|
| 650 |
|
0 |
|a Virus diseases.
|
| 700 |
1 |
|
|a Henle, Werner,
|d 1910-1987,
|e author.
|
| 700 |
1 |
|
|a Koprowski, Hilary,
|e author.
|
| 830 |
|
0 |
|a Current topics in microbiology and immunology ;
|v v. 40.
|
| 948 |
|
|
|a c:jal
|
| 999 |
|
|
|a MARS
|
| 999 |
f |
f |
|s a32ab643-5678-3102-8b81-3aab06c2f5c2
|i 959aa82c-9b57-3b3d-b667-a0a358bc06cf
|t 0
|
| 952 |
f |
f |
|p ric
|a Texas A&M University
|b Rellis Campus
|c Joint Library Facility
|d Remote Storage
|t 0
|e QR1 .E6 v.40
|h Library of Congress classification
|i unmediated -- volume
|m A14811215568
|
| 952 |
f |
f |
|p ric
|a Texas A&M University
|b Rellis Campus
|c Joint Library Facility
|d Remote Storage
|t 0
|e QR1 .E6 v.40
|h Library of Congress classification
|i unmediated -- volume
|m A14805033364
|
| 952 |
f |
f |
|a Texas A&M University
|b College Station
|c Sterling C. Evans Library
|d Evans: Library Stacks
|t 0
|e QR1 .E6 v.40
|h Library of Congress classification
|
| 998 |
f |
f |
|a QR1 .E6 v.40
|t 0
|l Evans: Library Stacks
|
| 998 |
f |
f |
|a QR1 .E6 v.40
|t 0
|l Remote Storage
|